[Event "Beersheba"]
[Site "Beersheba"]
[Date "1996.??.??"]
[Round "4"]
[White "Tunik, Gennady"]
[Black "Bykhovsky, Avigdor"]
[Result "1/2-1/2"]
[WhiteElo "2475"]
[BlackElo "2405"]
[Annotator "Huebner,R"]
[PlyCount "102"]
[EventDate "1996.03.??"]
[EventType "tourn"]
[EventRounds "11"]
[EventCountry "ISR"]
[EventCategory "10"]
[SourceTitle "CBM 053"]
[Source "ChessBase"]
[SourceDate "1996.08.01"]
[SourceVersion "1"]
[SourceVersionDate "1996.08.01"]
[SourceQuality "1"]

1. d4 d5 2. c4 c6 3. Nf3 Nf6 4. Nc3 dxc4 5. a4 Bf5 6. Ne5 Nbd7 7. Nxc4 Qc7 8.
g3 e5 9. dxe5 Nxe5 10. Bf4 Rd8 11. Qc1 Bd6 12. Nxd6+ Qxd6 13. Bg2 O-O 14. O-O
a6 15. a5 Qe6 16. Ra4 {An dieser Stelle sind auch schon andere Züge erprobt
worden:} (16. Na4 $14 {Hübner-Rogers, Biel 1984;}) (16. Rd1 h6 17. Qe3 $14 {
Tukmakov-Agzamov, UdSSR (ch) 1983, Inf. 35/472; vgl. Z. Ribli, D 16-19 
(Slawisch), D 17/50, Fußnote 322 und 323.}) 16... Ng6 17. Bg5 $146 (17. Be3 $14
{Hausner-Fahnenschmidt, BRD 1989; vgl. Z. Ribli, D 16-19 (Slawisch), D17/50,
Fußnote 322.}) 17... h6 18. Bxf6 Qxf6 19. e4 Bc8 20. f4 Rd4 {Schwarz dürfte
ausreichendes Gegenspiel haben, weil der Bauer auf a5 anfällig ist und
dauernden Schutzes bedarf.} 21. e5 Qd8 22. Rd1 Rxd1+ 23. Qxd1 Qxd1+ 24. Nxd1
Rd8 25. Ne3 Ne7 26. Bf1 Rd2 27. Nc4 Rd1 28. Kf2 Be6 29. b3 (29. Rb4 c5 30. Rxb7
Rxf1+ 31. Kxf1 Bxc4+ 32. Kf2 Nc6 $10) 29... c5 30. Bg2 Nc6 31. Be4 Rc1 32. Nd6
Bxb3 33. Ra3 c4 34. Nxb7 Nd4 35. Nc5 Nb5 36. Nxb3 Rc3 37. Ra4 cxb3 38. Rb4 Kf8
39. Ke2 Rc5 40. Kd3 Nc7 41. Rxb3 Rxa5 42. Rc3 Ne6 43. Ke3 g6 44. Bd3 h5 45.
Rc8+ Kg7 46. Bc4 Ra3+ 47. Kd2 h4 48. Rc6 hxg3 49. hxg3 Rxg3 50. Bxe6 fxe6 51.
Rxe6 a5 1/2-1/2

[Event "Budapest FS03 GM"]
[Site "Budapest"]
[Date "1996.??.??"]
[Round "7"]
[White "Volzhin, Alexander"]
[Black "Namgilov, Sogto"]
[Result "1/2-1/2"]
[WhiteElo "2485"]
[BlackElo "2425"]
[Annotator "Huebner,R"]
[PlyCount "125"]
[EventDate "1996.03.??"]
[EventType "tourn"]
[EventRounds "13"]
[EventCountry "HUN"]
[EventCategory "9"]
[SourceTitle "CBM 053"]
[Source "ChessBase"]
[SourceDate "1996.08.01"]
[SourceVersion "1"]
[SourceVersionDate "1996.08.01"]
[SourceQuality "1"]

1. d4 {King} d5 2. c4 c6 3. Nc3 Nf6 4. Nf3 dxc4 5. a4 Bf5 6. Ne5 e6 7. f3 Bb4
8. e4 Bxe4 9. fxe4 Nxe4 10. Bd2 Qxd4 11. Nxe4 Qxe4+ 12. Qe2 Bxd2+ 13. Kxd2 Qd5+
14. Kc3 b5 {Die Partie scheint zu zeigen, daß dieser Zug gut spielbar ist und
jedenfalls zum Erreichen eines Remis aussreicht. Öfter wurde bisher gespielt:}
(14... Na6 15. Nxc4 O-O-O (15... O-O 16. Qe5 Nc5 17. Be2 f6 18. Qe3 Qxg2 (18...
b5 19. Rhd1 b4+ 20. Kxb4 Rab8+ 21. Ka3 Qf5 22. Na5 $18 {Sakaev-Schwartzmann,
Dortmund (Open) 1992, Inf. 54/362.}) 19. Rhg1 Qe4 20. Qxc5 Qxe2 $13 {Sakaev,
Inf. 54/362; vgl. Z. Ribli, D 16-19 (Slawisch), D 17/73, Fußnote 461.}) 16. Qe3
{(Z. Ribli, D 16-19 (Slawisch), D 17/73, Fußnote 459)} Nc5 (16... Kb8 17. Qg3+
Nc7 (17... Ka8 18. Qxg7 $16 {Milos, Inf. 50/408.}) 18. Qxg7 b5 $13 {
Milos-Godena, Novi Sad (ol) 1990, Inf. 50/408.}) 17. a5 (17. Be2 $5 {V. L.
Ivanov, Inf. 65/369.}) 17... Kb8 18. Be2 f6 19. Rhd1 (19. g4 e5 20. Rhd1 Qe4
21. Qxc5 Qxe2 $132 {V. L. Ivanov, Inf. 65/369.}) 19... Qxg2 20. Rg1 Qe4 21.
Qxc5 Qxe2 22. Rxg7 Qd3+ 23. Kb4 Rd5 24. Ra3 $14 {V. L. Ivanov-Lastin, Moskau 
(Open) 1995, In. 65/369.}) (14... O-O 15. Qe3 b5 (15... f6 16. Nxc4 b5 17. Nd2
Nd7 18. Be2 Ne5 (18... Rab8 19. Bf3 $14 {Ward-Summerscale, Great Britain (ch)
1994, TD 94/03.}) 19. Nf3 Nc4 20. Qd4 Nb6 (20... e5 $2 21. Qxc4 $18 {
Kortchnoj-Beljavskij, Madrid 1995, CBM 47.}) 21. axb5 (21. a5 $6 c5) 21... cxb5
22. Qxd5 Nxd5+ 23. Kb3 Nf4 $14) 16. Be2 (16. axb5 cxb5 17. Be2 Nd7 18. Nxd7
Qxd7 19. Bf3 Rac8 (19... b4+ 20. Kxc4 Rac8+ 21. Kb3 $16) 20. Rxa7 b4+ 21. Kc2
Qb5 22. Rd1 b3+ 23. Kb1 g6 $10 {Gelfand-Hübner, München 1992, Inf. 54/363.})
16... f6 (16... Nd7 17. Nxd7 Qxd7 18. Qc5 Qd5 19. Qxd5 exd5 20. axb5 cxb5 21.
Bf3 a5 (21... Rfd8 22. Rhd1 $16 {Hertneck}) 22. Bxd5 Ra7 $13 {Schwarz
beabsichtigt, mit 23...Tc8 nebst 24...b4+ fortzufahren; auf 23.Lc6 folgt 23...
Tb8.}) 17. Nxc4 (17. Nf3 Nd7 18. Rhd1 Nb6 19. axb5 (19. a5 b4+ 20. Kc2 Qf5+ 21.
Kc1 Nd5 $17 {Hertneck, Inf. 57/373.}) (19. g4 $5 b4+ (19... f5 20. Kc2 Qe4+ 21.
Qxe4 fxe4 22. Nd4 $13 {Haba, Inf. 57/373.}) 20. Kc2 (20. Kxb4 Rab8 $40) 20...
Qa5 21. Qxe6+ Kh8 $13) 19... cxb5 20. Qxb6 axb6 21. Rxd5 exd5 22. Rxa8 Rxa8 23.
Nd4 $44 {Hertneck-Haba, Deutschland (Bundesliga) 1993, Inf. 57/373.}) 17...
bxc4 18. Bxc4 Qa5+ 19. b4 Qc7 20. Qxe6+ Kh8 21. Rhd1 a6 $44 {Hertnack, Ribli,
siehe Z. Ribli, D 16-19 (Slawisch), D 17/74, Fußnote 467.} (21... a5 22. b5
cxb5 23. axb5 a4 {Nach} (23... Rc8 24. Ra4 {hat Schwarz Schwierigkeiten mit
der Vollendung seiner Entwicklung}) 24. Qd6 Qa5+ 25. Qb4 {Der b-Bauer des
Weißen ist sehr gefährlich; Schwarz kommt nicht ohne weiteres zur Entwicklung
seines Damenflügels.})) 15. Rd1 Qc5 16. axb5 O-O (16... cxb5 17. Qe4 O-O {
führt mit Zugumstellung zur Partiefolge. Die Vorteile des Textzuges sind nicht
deutlich; Weiß erhält einige zusätzliche Möglichkeiten.}) 17. Qe4 (17. Nxc4
cxb5 18. Qe5 {kommt sehr in Betracht. Schwarz kann dem Damentausch nicht
ausweichen:} Qc6 19. Rd6 {mit Vorteil für Weiß.}) (17. bxc6 Nxc6 18. Nxc4 {
ist vielleicht auch spielbar, wenn es mir auch weniger gefällt als 17.Sxc4
nebst 18.De5.}) 17... cxb5 18. Qxa8 Qxe5+ 19. Kc2 Qf5+ (19... Na6 $5 20. Qf3 (
20. Rd8 Qf5+ (20... Nb4+ 21. Kd1 $16 Qd4+ 22. Rxd4 Rxa8 23. Be2) 21. Kd1 $8
Qb1+ $44) (20. Qxa7 $2 Nb4+ 21. Kb1 $2 Qe4+ 22. Ka1 Ra8 $19) 20... Nb4+ 21. Kb1
a5 $44) (19... Qc7 $6 20. Qf3 Nc6 21. Kb1 $16) 20. Kc1 Qg5+ 21. Kc2 (21. Kb1
Qf5+ 22. Ka1 Qc2 23. Qf3 Nc6 24. Be2 Nb4 25. Qc3 (25. Rc1 Qa4+ 26. Qa3 Nc2+ 27.
Rxc2 Qxc2 28. Bf3 (28. Qe3 b4) 28... g6 $17 {Schwarz strebt danach, c4-c3
durchzusetzen; er hat klaren Vorteil.}) (25. Qa3 Nd5 26. Bf3 b4 {Weiß hat es
schwer.}) 25... Qa4+ 26. Kb1 Nd5 $44) 21... Na6 {Schwarz spielt auf Gewinn;
mit 21...Df5+ konnte er Zugwiederholung anstreben.} 22. Qe4 (22. Qf3 Nb4+ 23.
Kb1 Qg6+ 24. Ka1 Qc2 {kommt für Weiß nicht in Betracht; er hat ein Tempo
weniger als in der zu 21.Kc2 angegebenen Variante.}) 22... Nc5 23. Qf3 e5 {
Schwarz kämpft um das Feld d4. Der Zug hat aber auch Nachteile: Das Feld d5
wird aufgegeben, und die Kompaktheit der Bauernstruktur geht verloren.} (23...
Nb3 {kam zum Beispiel in Betracht.}) 24. Be2 (24. g4 $5 {sieht recht
vielversprechend aus:} Nb3 (24... Ne6 25. Kb1 Nd4 26. Qe4) 25. Qe4 Qf6 26. Be2
{usw.}) 24... Qg6+ (24... Nb3 25. Qe4 (25. Qd5 Qe3) 25... Nd4+ 26. Kb1 {
ist nicht besser; die Zentrumsstruktur des Schwarzen ermangelt der Festigkeit.}
) 25. Kd2 Nb3+ 26. Ke1 Nd4 27. Qd5 Re8 28. Rf1 (28. Kf2 Qf5+ 29. Bf3 Qc2+ $44)
28... h6 29. Bf3 (29. Qd7 Re6 30. Qxa7 {kam in Betracht:} f5 31. Rf2 $16 {
Es ist wichtig, das Feld e3 zu decken.}) 29... Nc2+ 30. Kd2 Nb4 31. Qd7 Rf8 32.
Ke2 e4 33. Bg4 Nd3 34. Bh3 (34. Qf5 Qc6 35. Ra1 Nxb2 36. Rxa7 c3 $13) 34...
Qh5+ (34... Nxb2 {ist nicht absurd; die Freibauern des Schwarzen können bald
gefährlich werden.} 35. Rd6 (35. Rd5 Na4) (35. Rb1 Na4) 35... Qh5+ 36. Qg4 Qe5
$17) 35. Qg4 Qe5 36. Rd2 e3 37. Rc2 Nb4 38. Rc3 Nd5 39. Rc2 Qxh2 (39... g6 $5)
40. Qf5 Qd6 41. Rcc1 $2 (41. Qd7 $13) 41... Ne7 $2 (41... Nf4+ $19) 42. Qe4 (
42. Qd7 {war besser.}) 42... Qd2+ 43. Kf3 Nd5 (43... Ng6 $5 44. Rce1 (44. Rc2
e2 $19) (44. Rcd1 $2 e2 $19) 44... Qxb2 45. Rxe3 (45. Rb1 Qd2 46. Rxb5 e2 47.
Rfb1 Rd8 $19) 45... a5 $17 {Auf d5 steht der Springer nicht sicher.}) 44. g3 (
44. Rcd1 $2 e2 $19) 44... Nf6 45. Qxe3 Qd5+ (45... Qxb2 46. Rb1 {ist nicht
ratsam für Scwarz; er hat seinen Vorteil wieder eingebüßt.}) 46. Kf2 Re8 47.
Qf3 (47. Qf4 $5) 47... Qd4+ 48. Kg2 Qxb2+ 49. Kh1 {Immerhin steht der König
des Weißen jetzt endlich sicher.  King: This could truly be compared to the
Chinese Communist Party's Long March. After many an adventure, the king
reaches comparative safety in the corner, and the White army, with an extra
rook, is ready for the counter-attack.} a5 (49... Qe5 50. Rce1 Qxe1 51. Rxe1
Rxe1+ 52. Kh2 b4 $13) 50. Rce1 Rf8 (50... Rd8 $5) 51. Rb1 Qe5 52. Qf5 Qxf5 (
52... Qxg3 $13) 53. Rxf5 Ne4 54. Rfxb5 Nc3 55. Bf5 g6 56. Rxa5 Nxb1 57. Bxb1
Re8 58. Kg2 Re1 59. Rb5 c3 60. Kf3 Rf1+ 61. Ke2 Rg1 62. Kf3 Rf1+ 63. Ke2
1/2-1/2

[Event "Dos Hermanas"]
[Site "Dos Hermanas"]
[Date "1996.05.21"]
[Round "1"]
[White "Illescas Cordoba, Miguel"]
[Black "Gelfand, Boris"]
[Result "1/2-1/2"]
[WhiteElo "2635"]
[BlackElo "2700"]
[Annotator "Huebner,R"]
[PlyCount "49"]
[EventDate "1996.05.21"]
[EventType "tourn"]
[EventRounds "9"]
[EventCountry "ESP"]
[EventCategory "19"]
[SourceTitle "CBM 053"]
[Source "ChessBase"]
[SourceDate "1996.08.01"]
[SourceVersion "1"]
[SourceVersionDate "1996.08.01"]
[SourceQuality "1"]

1. Nf3 d5 2. d4 Nf6 3. c4 c6 4. Nc3 dxc4 5. a4 Bf5 6. Ne5 e6 7. f3 c5 8. e4
cxd4 9. exf5 Nc6 10. Nxc6 bxc6 11. fxe6 fxe6 12. Bxc4 dxc3 13. Qxd8+ Kxd8 {
Dies ist ein neuer Zug; bisher wurde stets 13...Txd8 gespielt. Der Damenturm
soll nach b8 gestellt werden, der König nach d7; es besteht also kein großer
Unterschied zwischen den beiden Fortsetzungen. Die Partie bestätigt die
bisherigen Erfahrungen mit dieser Stellung: Der Vorteil des Weißen ist nicht
nennenswert; Schwarz kann sich halten.} 14. bxc3 Nd5 15. Kd2 {Die Grundidee
stammt von Razuvaev (nach 13...Txd8 14.bxc3 Sd5 15.Ld2 Tb8 schlug er 16.Kd1
nebst 17.Kc2 vor) ,vgl. Z. Ribli, D 16-19 (Slawisch), D 17/59, Fußnote 377.
Sie erweist sich als ziemlich harmlos.} Bd6 16. Kc2 Kd7 17. Bd2 (17. g3 $5)
17... Rhf8 18. Rab1 Rab8 19. Rxb8 Rxb8 20. g3 Ba3 21. Rb1 Rxb1 22. Kxb1 Bc5 23.
Bd3 h6 24. c4 Bb4 25. cxd5 1/2-1/2

[Event "Lippstadt 11th"]
[Site "Lippstadt"]
[Date "2003.08.09"]
[Round "3"]
[White "Schenk, Andreas"]
[Black "Gustafsson, Jan"]
[Result "0-1"]
[WhiteElo "2491"]
[BlackElo "2570"]
[Annotator "Huebner,R"]
[PlyCount "50"]
[EventDate "2003.08.07"]
[EventType "tourn"]
[EventRounds "11"]
[EventCountry "GER"]
[EventCategory "9"]
[SourceTitle "CBM 097"]
[Source "ChessBase"]
[SourceDate "2003.11.11"]
[SourceVersion "1"]
[SourceVersionDate "2003.11.11"]
[SourceQuality "1"]

1. d4 d5 2. Nf3 Nf6 3. c4 c6 4. Nc3 dxc4 5. a4 Bf5 6. Ne5 Nbd7 7. Nxc4 Qc7 8.
g3 e5 9. dxe5 Nxe5 10. Bf4 Nfd7 11. Bg2 g5 12. Ne3 (12. Nxe5 gxf4 {1/2-1/2
Birjukov,S-Haimi,A/Lahti 1997/EXT 99 (12)}) ({Nach} 12. Bxe5 Nxe5 13. Qd4 f6 (
13... Nxc4 14. Qxh8 O-O-O {wurde laut Schachwoche 4/2000, S.12, von G.Kasparov
befürchtet, doch sehe ich nach} 15. Qf6 {keine ansprechende Fortsetzung für
Schwarz.}) 14. O-O Be7 {dürfte Weiß kaum Vorteil haben. Der Textzug gefällt
mir weit besser, weil Weiß den wichtigen weißfeldrigen Läufer des Gegners
eliminiert.}) 12... gxf4 13. Nxf5 O-O-O 14. Qc2 Kb8 {Dies ist ein neuer Zug.
Meist wurde 14...Sc5 mit befriedigemdem Erfolg gespielt; ich lege einiges alte
Material vor.} (14... Nc5 15. O-O ({Auf} 15. gxf4 {folgt} Nc4 {mit starkem
Gegenspiel.}) (15. b4 f3 {ist ebenfalls nicht besonders attraktiv für Weiß.})
15... Ne6 16. Rad1 Bc5 (16... Bb4 {ist weniger genau:} 17. Na2 {, und auf} Bc5
{folgt} 18. b4) 17. Ne4 Bb4 18. e3 (18. Qc1 fxg3 19. hxg3 Rxd1 20. Rxd1 Rd8 21.
Bh3 Kb8 22. Kg2 a5 23. b3 {1/2-1/2 Kramnik,V-Morozevich,A/Astana 2001/CBM 84/
[Huebner,R] (23).}) 18... fxe3 19. fxe3 Kb8 20. Nf6 a5 21. g4 Be7 22. Nxe7 Qxe7
23. Qc3 Qc5 (23... Nc5 {kommt in Betracht; dies führt zu komplizierterem Spiel
als der Textzug:} 24. Rxd8+ (24. Qxa5 Rxd1 25. Rxd1 Ned3 26. Ne4 Rg8 27. h3 f5
{sieht nicht ungefährlich für Weiß aus.}) (24. Rd4 Ned3 25. Rf3 (25. Ne4 Rhg8
26. Rxd8+ Rxd8 27. Qxa5 Rd5 {ist gefährlich für Weiß.}) 25... Nb4 $11) 24...
Rxd8 25. Qxa5 Nc4 {mit gutem Spiel für Schwarz.}) 24. Rc1 Qxc3 25. Rxc3 Nf8 (
25... h6 {ist nicht besser; nach} 26. Rf5 {muß der Springer von e5 weichen.})
26. Rc5 Nfg6 27. Be4 (27. Rxa5 b6 {ist unattraktiv für Weiß.}) 27... Rd2 28.
Rf2 (28. Bxg6 hxg6 (28... Nxg6 29. Rxa5 Rhd8 (29... Rxb2 30. Nd7+ Kc7 31. Rxf7
{erlaubt dem Weißen Gewinnversuche.}) 30. b4 Rb2 31. Rh5 {ist weniger klar.})
29. Rxe5 Rhxh2 30. Nd7+ Kc7 31. Rxf7 Rdg2+ 32. Kf1 Rxb2 {führt zum Remis.})
28... Rhd8 29. Bxg6 Nxg6 30. Rxa5 Rd1+ 31. Kg2 Re1 32. Rh5 ({Nach} 32. e4 {
kommt Schwarz mit} b5 {zum Angriff:} 33. axb5 (33. h3 Rd3 34. Nxh7 $2 (34. axb5
$11) 34... Nh4+ 35. Kh2 Ree3 36. Ng5 f6 {, und Schwarz gewinnt.}) 33... Rd3 34.
h3 Nh4+ 35. Kh2 Ree3 {usw.}) 32... Rxe3 33. Rxh7 Rd4 34. h3 Ka7 35. Kh2 Ne5 36.
Nh5 (36. a5 $5 $11) 36... f5 37. gxf5 Rh4 38. Kg2 Rexh3 39. Nf4 Rh2+ 40. Kg3
Rxf2 41. Rxh4 Rxb2 {1/2-1/2 Bareev,E-Morozevich,A/Wijk aan Zee 2002/CBM 87/
[Huebner,R] (41).}) (14... Ng4 15. a5 fxg3 (15... a6 16. Ra4 h5 17. Rxf4 Qxa5
18. O-O {mit Vorteil für Weiß.}) (15... Bc5 16. O-O (16. Ne4 Bb4+ {ist weniger
überzeugend.}) 16... fxg3 17. hxg3 a6 (17... Bxf2+ 18. Rxf2 Nxf2 19. Kxf2 {
ist nicht genügend für Schwarz; der Springer auf f5 steht zu stark.}) 18. Ne4
Bf8 19. Rfd1 {mit Vorteil für Weiß.}) 16. hxg3 a6 17. Ra4 Ndf6 18. Ne4 Nxe4 ({
Bessere Möglichkeiten, die Nachteile der Bauernstruktur durch dynamisches
Figurenspiel auszugleichen, bot meines Erachtens die Fortsetzung} 18... Nd5 19.
Bh3 Ne5 20. Nc5 Kb8) 19. Bxe4 h5 20. Kf1 Kb8 21. Kg2 Be7 22. Nxe7 Qxe7 23. Bf3
Ne5 ({Die Fortsetzungen} 23... Qg5 24. Rb4 {oder}) (23... Qe6 24. Qc3 ({
Ungenügend ist die Fortsetzung} 24. Rxh5 Rxh5 25. Bxg4 Qd5+ 26. Bf3 Qf5) 24...
f6 25. Rd4 {bewahren den Schwarzen auf die Dauer auch nicht vor Bauernverlust.
Seine Stellung ist strategisch verloren.}) 24. Bxh5 $18 {1-0 Kasparov,
G-Morozevich,A/Wijk aan Zee 2000/CBM 75/[Huebner,R] (45). (45)} Qe6 25. Qc3 f6
26. Rah4 Qf5 27. Bf3 Rxh4 28. Rxh4 Qb1 29. Rh1 Rd1 30. Rxd1 Qxd1 31. b4 Kc7 32.
Qc5 Qd6 33. Qxd6+ Kxd6 34. Be4 Nc4 35. Bd3 Nb2 36. f4 Nd1 37. g4 Ne3+ 38. Kf3
Nd5 39. Ke4 Nxb4 40. Bc4 c5 41. g5 fxg5 42. fxg5 Ke7 43. Kf5 Nc2 44. Ke5 Ne3
45. Be6 c4 {1-0 Kasparov,G-Morozevich,A/Wijk aan Zee 2000/CBM 75/[Huebner,R] 
(45)}) (14... Bb4 {gefällt mir besser. Auf} 15. gxf4 {folgt} Nc4 16. Qb3 (16.
e3 Nc5 {überläßt dem Schwarzen eine beachtliche Initiative.}) 16... Bxc3+ 17.
Qxc3 Qxf4 {mit genügendem Gegenspiel für Schwarz.}) 15. gxf4 {Dies ist stets
mit einigem Risiko verbunden.} (15. Rd1 {kommt in Betracht. Nach} fxg3 16. hxg3
{steht Weiß ein bißchen günstiger im Vergleich zu dem Abspiel mit 14...Sc5.})
15... Nc4 16. e3 (16. Rd1 {sieht verständiger aus:} Rg8 17. Bf3 Bb4 (17... Qxf4
{scheitert an} 18. Rd4 Qxh2 19. Kf1) 18. Nh6 {mit unkarem Spiel.}) 16... Nc5
17. Nd4 $6 {Die Aufgabe des starken Postens auf f5 kann nicht richtig sein:
der Läufer des Schwarzen kommt mit Kraft ins Spiel.} (17. Rd1 Rxd1+ 18. Nxd1
Qa5+ 19. Qc3 Qxc3+ 20. bxc3 Nxa4 21. Bf3 {mit der Absicht 22.Lh5 führt zu etwa
gleichem Spiel.}) 17... Bg7 (17... Nxb2 {scheitert an} 18. Nxc6+) 18. Nce2 Qa5+
19. Kf1 $2 (19. Qc3 Nd3+ 20. Kf1 Ndxb2 21. Qxa5 (21. Nxc6+ bxc6 22. Qxg7 {
ist natürlich ungesund:} Rhg8 23. Qc3 (23. Qf6 Qxa4) 23... Nd2+ 24. Kg1 Rxg2+
25. Kxg2 Rg8+ 26. Kh3 Qh5#)) 19... Nd2+ 20. Kg1 Bxd4 21. Nxd4 Rxd4 22. exd4
Ncb3 23. Rd1 Rg8 24. Qd3 $6 (24. Qxh7 Nf3+ 25. Kf1 Nbd2+ 26. Rxd2 Nxd2+ 27. Ke2
Re8+ 28. Kd3 Nb3 {überlebt Weiß auch nicht; aber zäher war es doch..}) 24...
Qd5 25. f3 Nxf3+ 0-1